000 00516nam a2200181Ia 4500
008 090124s9999 xx 000 0 und d
082 _b114108
100 _aटिळक ज. श्री.
245 _a अशी ही दिल्ली
250 _a1
260 _c1971
300 _a272
600 _aटिळक ज. श्री.
630 _a अशी ही दिल्ली
700 _aटिळक ज. श्री.
730 _a अशी ही दिल्ली
942 _cBOOK
999 _c160199
_d160199